000 008160000a22002410004500
001 50689
010 _a972-649-205-X
021 _aPT
_b35987/90
100 _a20030130d2003 k y0pory5003 ba
101 0 _apor
102 _aPT
200 1 _aAs amêndoas do padrinho Pascoal
_fMaria Isabel de Mendonça Soares
_gil. Margarida Azevedo
210 _a[S.l.]
_cDesabrochar
_d1990
215 _a52 p
_cil.
225 2 _aBem crescer, bem viver
_v9
300 _aEste livro foi doado à Escola E.B. Horta do Carmo
606 _92098
_aLiteratura infantil - Conto
675 _a82-93
_vBN
_zpor
700 1 _943599
_aSoares
_bMaria Isabel de Mendonça
_f1922-2017
702 1 _98240
_4440
_aAzevedo
_bMargarida
090 _a50689
942 _cMON
_n0
999 _a50689